The influence of strategic planning on employee motivation in manufacturing firms: the case of Trade Kings (Record no. 46828)
[ view plain ]
| 000 -LEADER | |
|---|---|
| fixed length control field | 00764nam a2200181 a 4500 |
| 008 - FIXED-LENGTH DATA ELEMENTS--GENERAL INFORMATION | |
| fixed length control field | 180212s2016 ||||||||||||||||| || u |
| 050 ## - LIBRARY OF CONGRESS CALL NUMBER | |
| Classification number | CBU-PG THESIS/PHI |
| 100 ## - MAIN ENTRY--PERSONAL NAME | |
| Personal name | Phiri, Isaac |
| 245 14 - TITLE STATEMENT | |
| Title | The influence of strategic planning on employee motivation in manufacturing firms: the case of Trade Kings |
| Statement of responsibility, etc. | by Isaac Phiri |
| 260 ## - PUBLICATION, DISTRIBUTION, ETC. | |
| Place of publication, distribution, etc. | Kitwe |
| Name of publisher, distributor, etc. | Copperbelt University |
| Date of publication, distribution, etc. | 2016 |
| 300 ## - PHYSICAL DESCRIPTION | |
| Extent | xii, 92p.: ill. |
| 500 ## - GENERAL NOTE | |
| General note | Includes bibliography |
| 650 ## - SUBJECT ADDED ENTRY--TOPICAL TERM | |
| Topical term or geographic name entry element | PERFORMANCE--MANAGEMENT |
| 650 #0 - SUBJECT ADDED ENTRY--TOPICAL TERM | |
| Topical term or geographic name entry element | PERSONNEL MANAGEMENT |
| 650 ## - SUBJECT ADDED ENTRY--TOPICAL TERM | |
| Topical term or geographic name entry element | LABOUR PRODUCTIVITY--CONGRESSES |
| 650 ## - SUBJECT ADDED ENTRY--TOPICAL TERM | |
| Topical term or geographic name entry element | EMPLOYEE MOTIVATION |
| 995 ## - RECOMMENDATION 995 [LOCAL, UNIMARC FRANCE] | |
| -- | CBU-MAIN LIBRARY (Kitwe) |
| -- | 1 |
| -- | AVAILABLE |
| -- | Feb 12, 2018 |
| -- | Copperbelt University |
| -- | University Collection |
| Withdrawn status | Lost status | Source of classification or shelving scheme | Damaged status | Not for loan | Home library | Current library | Shelving location | Date acquired | Total Checkouts | Full call number | Barcode | Date last seen | Price effective from | Koha item type |
|---|---|---|---|---|---|---|---|---|---|---|---|---|---|---|
| CBU-MAIN LIBRARY, KITWE. | CBU-MAIN LIBRARY, KITWE. | 11/30/2022 | CBU-PG THESIS/PHI | 748214 | 11/30/2022 | 11/30/2022 | MONOGRAPH |